01866cam a22003135i 4500999001500000003000900015005001700024008004100041020001800082020001600100035002300116040004300139082002000182100003700202245007300239264006500312300004500377336002600422337002800448338002700476504005100503505034400554520043800898650002801336651001001364653001901374942001201393952014701405 c7641d7641EG-ScBUE20200108133637.0190729s2005 enka f b 001 0 eng d a9781412903431 a1412903432  a(OCoLC)ocm57061668 aEG-ScBUEbengerdacEG-ScBUEdEG-ScBUE04a808.51bSHE2221 aShephard, Kerry, eauthor.00aPresenting at conferences, seminars, and meetings /cKerry Shephard. 1aLondon ;aThousand Oaks, Calif. :bSAGE Publications,c2005. axiv, 166 pages :billustrations ;c25 cm atextbtxt2rdacontent aunmediatedbn2rdamedia avolumebnc2rdacarrier aIncludes bibliographical references and index.0 aWhat makes some presentations good? -- What do we really know about presenting? -- An introduction to presentation aids -- Designing and writing a presentation -- Preparing yourself -- Preparation specific to the venue -- Videoconferencing -- Delivering the successful presentation and what to do when things go wrong -- How to get better. aDo you dread the nerve-wracking task of giving presentations? Or are you looking for new ways in which to give your presentation a boost? With practical, step-by-step hints on all presentation scenarios, Kerry Shephard's Presenting at Conferences, Seminars and Meetings is an excellent guide for post-graduate students, academics and professionals, providing the skills you need to succeed in the process of presenting to your peers. 7aPublic speaking.2BUEsh 2BUEsh bHHUUEENNbGGEN cBB2ddc 00102ddc40708AlahramaMAINbMAINc2NDd2008-02-03ePurchasel2m14o808.51 SHEp000009107r2025-07-15 00:00:00s2020-03-02w2008-02-03yBB